| 000 | 00765cam a22002295a 4500 | ||
|---|---|---|---|
| 001 | L159731 | ||
| 008 | 150226s2017 xxk f 000 0 eng d | ||
| 035 | _a(Sirsi) u159731 | ||
| 041 | 0 | _aeng | |
| 100 | 1 |
_aHooper, Brendon _96168 |
|
| 245 | 0 | 0 | _aDoha plays it cool |
| 260 | _c2017 | ||
| 490 |
_aModus _vJuly-August 2017, 34-35 (2) |
||
| 520 | _aThe Msheireb Downtown Doha scheme is transforming a neglected area of the city, using traditional Arabian design combined with modern solar power to work with the fierce heat. | ||
| 590 | _aKA | ||
| 650 | 2 | 4 | _aMIXED-USE DEVELOPMENTS |
| 650 | 2 | 4 | _aLEADERSHIP IN ENERGY AND ENVIRONMENTAL DESIGN |
| 650 | 2 | 4 | _aREGENERATION SCHEMES |
| 651 | 4 | _aQatar | |
| 690 | _aBUILDING AND CONSTRUCTION-PROJECTS | ||
| 942 | _n0 | ||
| 999 |
_c84942 _d84942 |
||